| 000 | 006190000a22002050004500 | ||
|---|---|---|---|
| 003 | LK-CoMWRAF | ||
| 005 | 20231022120822.0 | ||
| 008 | 230817t ||||| |||| 00| 0 eng d | ||
| 020 | _a0860371034 | ||
| 040 |
_aLK-CoMWRAF _dLK-CoMWRAF _eLK-CoMWRAF |
||
| 041 | _aeng | ||
| 082 |
_a297.63 _bTAR |
||
| 100 | _aTarantino, Marjihad Aldrich | ||
| 245 | _aMarvellous stories from the life of Muhammad | ||
| 260 |
_aU.K. : _bThe Islamic foundation, _c1982 |
||
| 300 | _a120p. : ill(some col.) ; 21cm. | ||
| 650 | _aMuḼammad--Prophet--Juvenile literature | ||
| 650 | _aIslam Muhammad (Prophet)--Biographies | ||
| 942 | _cBK | ||
| 999 |
_c998 _d998 |
||